Quizzes
Events
Quiz Creation
Community
Videos
Private Events
Remove Ads
Sign In
Join for FREE
Feedback
Dark Mode
Quiz Categories
Sports
Geography
Music
Movies
Television
Just For Fun
Miscellaneous
History
Literature
Language
Science
Gaming
Entertainment
Religion
Holiday
For Kids
Quiz Lab
Recent
Popular Today
Quiz Kudos Today
Editor Picks
Curator Picks
Quizzes by...
Day
Popularity
Type
Ratings
Length
Year
Community
Subscriptions
Recent Discussions
Orange Saloon
Badges
Playlists
Quests
Create
Leaderboards
Showdown
Live 5
Trivia Bingo
Activity
Puzzle Library
Sporcle Events
Private Events
Virtual Trivia
Globe League
Become a Host
Pub Owners
SporcleCon
Opinionation
Our Games
Videos
Blog
Mobile Apps
Partnerships
Remove Ads and Go Orange
Feedback
Sports
Athletes
MLB
NBA
NHL
NFL
Soccer
Sports Teams
WWE
NCAA
Football
Premier League
Basketball
Baseball
Hockey
Golf
Tennis
Cricket
Rugby
Auto Racing
Olympics
World Cup
Sports
Athletes
MLB
NBA
NHL
NFL
Soccer
Sports Teams
WWE
NCAA
Football
Premier League
Basketball
Baseball
Hockey
Golf
Tennis
Cricket
Rugby
Auto Racing
Olympics
World Cup
Random Quiz
Search Sporcle
×
Quiz Lab
Quiz Lab
Sports
Football
Type in answers that appear in a list
Type in answers that appear in a list
Classic
Best Score? Go Orange.
Scottish Football Teams Stats
Can you name the teams in the Scottish football league system (down to Highland and Lowland League)?
By
hanseliezer
10m
75 Questions
868 Plays
868 Plays
868 Plays
Comments
Comments
Give Quiz Kudos
Give Quiz Kudos
-
- Ratings
hide this ad
Replay
Link that replays current quiz
Next Quiz
Link to next quiz in quiz playlist
You Got
0%
They Got
Avg Score
64%
Avg Friend Score
Upgrade to see
Score Distribution
Jump to the score distribution portion of the page
Score
0/75
Timer
10:00
0
Plays Today
% Correct
Celtic
96.1%
Rangers
95.2%
Aberdeen
94.6%
Heart of Midlothian
93.5%
Dundee
93.3%
Hibernian
93.1%
Dundee United
91.4%
Motherwell
90.2%
Kilmarnock
89.7%
St. Johnstone
88.8%
St. Mirren
88.7%
Ross County
87.8%
Inverness Caledonian Thistle
87.4%
Partick Thistle
86.4%
Falkirk
83.5%
Hamilton Academical
83.3%
Arbroath
81.8%
Livingston
81.8%
Raith Rovers
81.5%
Greenock Morton
80.6%
Alloa Athletic
80.1%
Peterhead
80%
Stirling Albion
80%
Ayr United
79.5%
Queen of the South
78.8%
East Stirlingshire
78.7%
Brechin City
78.6%
Dunfermline Athletic
78.3%
Queen's Park
78.1%
Elgin City
77.9%
Airdrieonians
77.6%
Forfar Athletic
77.2%
Dumbarton
77%
Edinburgh City
76.9%
East Fife
76.8%
Clyde
76.4%
Berwick Rangers
76.3%
Cowdenbeath
75.2%
% Correct
Montrose
75%
Stenhousemuir
74.8%
Annan Athletic
74.7%
Albion Rovers
74.5%
Stranraer
71.1%
Cove Rangers
67.5%
Fort William
62.2%
Brora Rangers
61.9%
Kelty Hearts
60.1%
Gretna 2008
59.4%
Forres Mechanics
58.2%
East Kilbride
56.1%
Wick Academy
56.1%
Keith
54%
Huntly
53.6%
Inverurie Loco Works
51.8%
Nairn County
51.4%
Buckie Thistle
50.6%
Fraserburgh
49.4%
Clachnacuddin
48.8%
Spartans
47.9%
Lossiemouth
47.5%
Edinburgh University
47.4%
Bonnyrigg Rose Athletic
47.2%
Deveronvale
46.5%
BSC Glasgow
45.1%
Rothes
44%
Stirling University
43.9%
Strathspey Thistle
41.8%
Formartine United
41.5%
Cumbernauld Colts
41.3%
Turriff United
40.6%
Gala Fairydean Rovers
40.3%
Dalbeattie Star
37.2%
Civil Service Strollers
33.9%
Vale of Leithen
33.5%
Caledonian Braves
33.5%
Quiz Playlist
Details
Report
Send in Message
Add To Playlist
Classic:
Type in answers that appear in a list
Last Updated: Feb 26, 2020
Quiz Scoreboard
CHALLENGE
Sign Up to Join the Scoreboard
Show All
Scores
Hide
Comments
May contain spoilers
Recently Published
Billboard Blitz: Fleetwood Mac
by CooCooCachoo
Music
15s
Presidents Visiting Landmarks
by Hejman
History
7m
An Introduction to Baseball
by treessimontrees
Sports
5m
More to Explore
Quiz From the Vault
Featured Blog Post
Where Did the Easter Bunny Come From?
hide this ad
You Might Also Like...
Tags
Football Quiz
Soccer Quiz
Association Football
Football Team
League
Scottish Football
Today's Top Quizzes in Sports
Browse Sports
hide this ad
Today's Top Quizzes in Football
Browse Football
Top Contributed Quizzes in Sports
1
Les meilleurs buteurs des matchs entre le PSG et l’OM
2
2022 World Cup Stars
3
FIFA Club World Cup Champions
4
Les entraîneurs de l'OM et du PSG au 21e siècle
5
Name the Premier League winners with different clubs
6
5-to-1: UK Sports Teams
7
La finale Lions - Afrique du Sud 2021
8
Criteria MLB: Left Handed Sluggers
9
AFC Teams Reveal (Wrong Answers Minefield)
10
England Test cricketers to play under Nasser Hussain
Explore More
Trending Topics
Crossword
NBA
Kpop
Marvel
Anime
Disney
Harry Potter
NFL
Puzzle
WWE
The Office
Song
Country
Soccer
Pokémon
hide this ad
More By:
hanseliezer
Quiz
Plays
Rating
Category
Featured
Created
Scottish Football Teams
868
4.00
Sports
Mar 8, 2013
World City Quiz: Sydney
466
3.43
Geography
Dec 19, 2013
U.S. Cities by Interstate/Freeway Map
452
3.79
Geography
Jun 27, 2013
European Domestic Cup Winners
290
4.50
Sports
Apr 30, 2014
Premier League Perfectly Mid-Table XIs
249
5.00
Sports
Nov 5, 2017
Go to Creator's Profile
Score Distribution
Quiz Creator Spotlight
hanseliezer
Follow
Send a Message
Quizzes Created
-
Created Quiz Play Count
-
More By This Creator
Popular Quizzes Today
1
Find the US States - No Outlines Minefield
2
Find the Countries of Europe - No Outlines Minefield
3
The Countries of the World
4
Find the US States
5
US States
6
Popular People in 1961
7
Risky Map Clicking: Biggest States A-Z
8
Movies - When Are They Set?
More Sports Quizzes
NFL Starting QBs (Chicago Bears)
Published
Trending Quizzes
Risky Map Clicking: Least Populous States A-Z
1-10 Letter G Words
1-10 Letter F Words
Risky Map Clicking: Next State Alphabetically
'A' Boys' Names Grid
Recently Updated
Leaping Animals
pecheneg
Reality TV Shows (A-Z)
bhenderson79
Rickey Henderson's Hall of Fame Teammates
pecheneg
Champions League XIs: Arsenal
pecheneg
Quick Pick: Celebrities in WWE's Hall of Fame
aduchscher
A-Z Keypad Blitz II
pecheneg
Multiple Oscar Actors
pecheneg
Mystery Phrase Blitz: Oscar 'Best Actors'
pecheneg
F. Scott Fitzgerald Novels
LTH
Pick 3 Villains
ddd62291
Trending Topics
Harry Potter
Anime
Kpop
Crossword
NBA
Disney
Marvel
Soccer
Country
Pokémon
Puzzle
The Office
Song
NFL
WWE
Your Account Isn't Verified!
In order to create a playlist on Sporcle, you need to verify the email address you used during registration. Go to your
Sporcle Settings
to finish the process.
Report this User
Report this user for behavior that violates our
Community Guidelines
.
Details:
Send Report
Go to the Sporcle.com Mobile Site →
Comments